| 000 | 00482nam a2200181Ia 4500 | ||
|---|---|---|---|
| 001 | 3936 | ||
| 005 | 20260306145719.0 | ||
| 008 | 260306t2015||||xx |||||||||||||| ||spa|| | ||
| 041 | _aESP | ||
| 082 |
_a305.569 _bA35 |
||
| 100 |
_aAlarcón Caro, Edmundo _eAUT |
||
| 245 | 0 |
_aVida y muerte en los bateyes: _bsufrimiento y esperanza de los inmigrantes haitianos |
|
| 260 | _c2015 | ||
| 300 |
_a408 páginas : _c21 cm. |
||
| 650 | _aGEN | ||
| 654 | _aCHU | ||
| 942 |
_cLIB _dJUS _fJUS _2ddc _n |
||
| 999 |
_c3936 _d3936 |
||